Statystyki dla 10 Największych Miast Województwa Dolnośląskiego

Kliknij tutaj aby rozwiązać quiz!

Ogólne statystyki

  • Ten quiz został rozwiązany 1 288 razy
  • Średni wynik to 7 z 10

Statystyki odpowiedzi

Lp.Liczba LudnościMiasto% Poprawnych
1.638,364Wrocław
100%
3.100,455Legnica
91%
2.114,065Wałbrzych
88%
4.80,325Jelenia Góra
83%
5.72,951Lubin
76%
6.68,114Głogów
65%
7.57,761Świdnica
60%
8.39,110Bolesławiec
56%
9.37,347Oleśnica
49%
10.33,707Dzierżoniów
40%

Rozkład punktacji

Percentyl według liczby udzielonych odpowiedzi

Procent ludzi z każdym wynikiem

Twoja historia wyników

Nie rozwiązałeś tego quizu